The Architecture of Psychoanalysis : (Record no. 14375)

000 -LEADER
fixed length control field 00528nam a22001815i 4500
005 - DATE AND TIME OF LATEST TRANSACTION
control field 20260214113959.0
008 - FIXED-LENGTH DATA ELEMENTS--GENERAL INFORMATION
fixed length control field 260110s2024 enu 000 0 eng
020 ## - INTERNATIONAL STANDARD BOOK NUMBER
International Standard Book Number 9781350471283
040 ## - CATALOGING SOURCE
Original cataloging agency DLC
Language of cataloging eng
Description conventions rda
Transcribing agency DLC
042 ## - AUTHENTICATION CODE
Authentication code pcc
082 ## - DEWEY DECIMAL CLASSIFICATION NUMBER
Classification number 150.1952
100 1# - MAIN ENTRY--PERSONAL NAME
Personal name Rendell, Jane
Relator term author,
245 14 - TITLE STATEMENT
Title The Architecture of Psychoanalysis :
Remainder of title Spaces of Transition /
Statement of responsibility, etc Jane Rendell.
300 ## - PHYSICAL DESCRIPTION
Extent 297 pages ;
Dimensions 24 cm.
906 ## - LOCAL DATA ELEMENT F, LDF (RLIN)
a 0
b ibc
c orignew
d 2
e ncip
f 20
g y-gencatlg
942 ## - ADDED ENTRY ELEMENTS (KOHA)
Source of classification or shelving scheme
955 ## - COPY-LEVEL INFORMATION (RLIN)
Book number/undivided call number, CCAL (RLIN) rk20 2026-01-10 (CH)
Holdings
Withdrawn status Lost status Source of classification or shelving scheme Damaged status Koha normalized classification for sorting Not for loan Permanent location Current location Shelving location Date acquired Full call number Barcode Date last seen Price effective from Koha item type Public note
        150_195200000000000   BMS College of Architecture, Design and Planning BMS College of Architecture, Design and Planning General Stacks 2025-12-19 150.1952 AR-UG5286 2026-02-10 2026-02-10 UG Books S-05
Copyright © 2025, The Librarian, Library and Information Centre, BMSCA D&P, Bengaluru. All Rights Reserved
web counter

Powered by Koha